000 00547 a2200205 4500
001 60996
005 20260407155900.0
008 260407a1955 arg spa d
003 AR-UNSa-BCEJYS
040 _aAR-UNSa-BCEJYS
_bspa
_cAR-UNSa-BCEJYS
080 _a342.9
_xDerecho Administrativo
245 1 0 _aDerecho administrativo
250 _a5a. ed.
264 1 _aBuenos Aires :
_bRoque Depalma Editor
_c1955
300 _a5 v.
_c23 cm.
041 _aspa
942 _cBK
590 _aniveau_biblio:m niveau_hierar:0
100 1 _aBielsa, Rafael
999 _c7182
_d7182